Salomé Ureña y Hostos / (Registro nro. 7753)

Detalles MARC
000 -LIDER
fixed length control field 01524nam a2200325 a 4500
001 - NÚMERO DE CONTROL
Identificador de número de control 000013501
003 - IDENTIFICACDOR DE NÚMERO DE CONTROL
control field DO-SdBNP
005 - DATE AND TIME OF LATEST TRANSACTION
control field 20210504082834.0
007 - CAMPOS FIJOS DE DESCRIPCIÓN FÍSICA
fixed length control field 000013501
008 - ELEMENTOS DE LONGITUD FIJA
fixed length control field 091125s2002 dr 000 0 spa d
020 ## - ISBN
International Standard Book Number 999343115X
040 ## - FUENTE DE CATALOGACIÓN
Agencia que crea de manera original el registro BPMSU
Idioma de catalogación spa
Agencia que realiza la transcripción BPMSU
082 #4 - NÚMERO DE CLASIFICACIÓN DECIMAL DE DEWEY
Classification number RD864.44
Item number C422S 2002
Edition number 22
100 1# - ASIENTO PRINCIPAL -- NOMBRE PERSONAL
Nombre personal Céspedes, Diógenes,
Fechas asociadas con el nombre 1941-
245 10 - MENCIÓN DE TITULO
Título Salomé Ureña y Hostos /
Mención de responsabilidad Diógenes Céspedes
Medio (Designación general de material)
260 ## - PUBLICACIÓN, DISTRIBUCIÓN, ETC. (PIE DE IMPRENTA)
Lugar de publicación, distribución, etc Santo Domingo :
Nombre del editor, distribuidor, etc. Biblioteca Nacional Pedro Henríquez Ureña,
Fecha de publicación, distribución, etc 2002.
300 ## - DESCRIPCIÓN FÍSICA
Extensión 202 p. ;
Dimensiones 21 cm.
490 0# - MENCIÓN DE SERIES
Mención de serie Biblioteca Nacional Pedro Henríquez Ureña
-- Monográfica
Volume/sequential designation 1
500 ## - NOTA GENERAL
Nota general Incluye datos biográficos del autor en las solapas.
500 ## - NOTA GENERAL
Nota general Incluye referencias bibliográficas y notas al pie de las páginas.
505 0# - NOTA DE CONTENIDO
Texto normalizado de contenido Salomé Ureña o la metrificación de una ideología : el positivismo -- Postillas al libro poesías completas, de Salomé Ureña de Henríquez -- Salomé Ureña -- Un siglo de cultura literatura y política a través de la saga epistolar de la familia Henríquez Ureña.
590 ## - NOTA LOCAL
Enlace inventariado, 2021/VM
600 14 - ENCABEZAMIENTO DE MATERIA--NOMBRE PERSONAL
Nombre personal Ureña de Henríquez, Salomé
Fechas asociadas con el nombre 1850-1897
Subdivisión temática general Crítica e interpretación
600 14 - ENCABEZAMIENTO DE MATERIA--NOMBRE PERSONAL
Nombre personal Ureña de Henríquez, Salomé
Fechas asociadas con el nombre 1850-1897
Subdivisión temática general Pesamiento político y social
600 14 - ENCABEZAMIENTO DE MATERIA--NOMBRE PERSONAL
Nombre personal Hostos, Eugenio María de
Fechas asociadas con el nombre 1839-1903
Subdivisión temática general Crítica e intenterpretación
650 #4 - ENCABEZAMIENTO DE MATERIA--TEMÁTICO
Término temático o nombre geográfico como elemento de entrada Literatura dominicana
Subdivisión cronológica Siglo XIX
Subdivisión temática general Historia y crítica
910 ## - VALIDACIÓN
Validación VMateo Validado. Control de calidad MFF
942 ## - ADDED ENTRY ELEMENTS (KOHA)
Source of classification or shelving scheme Dewey Decimal Classification
Koha item type Libros
945 ## - INFORMACIÓN DE PROCESAMIENTO LOCAL
Información de procesamiento local
Existencias
Withdrawn status Lost status Source of classification or shelving scheme Damaged status Not for loan Collection code Home library Current library Date acquired Total Checkouts Full call number Barcode Date last seen Price effective from Koha item type Copy number
    Dewey Decimal Classification     Colección Dominicana Biblioteca Pública Metropolitana Salomé Ureña Biblioteca Pública Metropolitana Salomé Ureña 04/29/2015   BPMSU CD RD864.44 C422s 2002 BPMSU15041458 04/29/2015 04/29/2015 Libros  
    Dewey Decimal Classification     Colección Dominicana Biblioteca Pública Metropolitana Salomé Ureña Biblioteca Pública Metropolitana Salomé Ureña 04/29/2015   BPMSU CD RD864.44 C422s 2002 BPMSU15041459 04/29/2015 04/29/2015 Libros e. 2
    Dewey Decimal Classification     Colección Dominicana Biblioteca Pública Metropolitana Salomé Ureña Biblioteca Pública Metropolitana Salomé Ureña 04/29/2015   BPMSU CD RD864.44 C442s 2002 BPMUS15041460 04/29/2015 04/29/2015 Libros e. 3